History Quiz

Random History or Justice Quiz

Speech! Speech! Speech! Quiz Stats

 Plays Quiz Updated Apr 6, 2013

Also try: Yoda Does History
Challenge
Share
Tweet
Embed
Score 0/20 Timer 05:00
2 Plays Today
% Correct
Martin Luther King Jr.
92.1%
Abraham Lincoln
89.9%
John F. Kennedy
86%
Ronald Reagan
84.8%
Babe Ruth
78.5%
Lou Gehrig
76.4%
Patrick Henry
75.3%
Franklin D. Roosevelt
69.3%
Susan B. Anthony
57.7%
Jimmy Valvano
56.8%
% Correct
Richard Nixon
56%
Socrates
49.4%
Winston Churchill
44.4%
Malcolm X
42.4%
Douglas MacArthur
34.9%
Joseph N. Welch
30.4%
Theodore Roosevelt
24.8%
Dwight D. Eisenhower
23.5%
Lyndon B. Johnson
22.1%
Frederick Douglass
20.3%

You're not logged in!

Compare scores with friends on all Sporcle quizzes.
Join for Free
OR
Log In

You Might Also Like...

Show Comments

Extras

Top Quizzes Today


Score Distribution

Your Account Isn't Verified!

In order to create a playlist on Sporcle, you need to verify the email address you used during registration. Go to your Sporcle Settings to finish the process.

Report this User

Report this user for behavior that violates our Community Guidelines.

Details: